LIBRARY & INFORMATION CENTRE, KCAET, TAVANUR

ONLINE PUBLIC ACCESS CATALOGUE (OPAC)

Tropical tuber crops :yarns cassava sweet potato and cocoyarns / (Record no. 3573)

MARC details
000 -LEADER
fixed length control field 00434cam a2200157ua 4500
020 ## - INTERNATIONAL STANDARD BOOK NUMBER
ISBN 047110227x
041 ## - LANGUAGE CODE
Language code of text/sound track or separate title eng
082 ## - DEWEY DECIMAL CLASSIFICATION NUMBER
Classification number 634.6
Item number ONW/TR
100 ## - MAIN ENTRY--AUTHOR NAME
Personal name Onwueme, I C .
245 ## - TITLE STATEMENT
Title Tropical tuber crops :yarns cassava sweet potato and cocoyarns /
260 ## - PUBLICATION, DISTRIBUTION, ETC. (IMPRINT)
Place of publication London :
Name of publisher English Language Book Society ,
Year of publication 1978.
300 ## - PHYSICAL DESCRIPTION
Number of Pages 234 ; .
942 ## - ADDED ENTRY ELEMENTS (KOHA)
Koha item type Books
Holdings
Withdrawn status Lost status Damaged status Home library Current library Date acquired Full call number Accession Number Koha item type
      KAUAET KAUAET 22/08/1986 634.6 15501 Books
free website counter